Sjaʼir riwajat nabi Muhammad s. ʼa. w., (Record no. 84926)

MARC details
000 -LEADER
fixed length control field 00594cam a22002171 4500
001 - CONTROL NUMBER
control field sa 68013068
003 - CONTROL NUMBER IDENTIFIER
control field DLC
005 - DATE AND TIME OF LATEST TRANSACTION
control field 20260227112619.0
008 - FIXED-LENGTH DATA ELEMENTS--GENERAL INFORMATION
fixed length control field 890328s1963 io 000 0 ind
010 ## - LIBRARY OF CONGRESS CONTROL NUMBER
LC control number sa 68013068
035 ## - SYSTEM CONTROL NUMBER
System control number (OCoLC)23560074
040 ## - CATALOGING SOURCE
Original cataloging agency DLC
Transcribing agency MiU
Modifying agency DLC
042 ## - AUTHENTICATION CODE
Authentication code premarc
050 00 - LIBRARY OF CONGRESS CALL NUMBER
Classification number PL5089.Z25
Item number S5
100 1# - MAIN ENTRY--PERSONAL NAME
Personal name Zain, Amak F.
245 10 - TITLE STATEMENT
Title Sjaʼir riwajat nabi Muhammad s. ʼa. w.,
Statement of responsibility, etc. disusun oleh Amak F. Zain.
250 ## - EDITION STATEMENT
Edition statement Tjet. 1.
260 ## - PUBLICATION, DISTRIBUTION, ETC.
Place of publication, distribution, etc. Bandung,
Name of publisher, distributor, etc. Almaʼarif
Date of publication, distribution, etc. [1963?]
300 ## - PHYSICAL DESCRIPTION
Extent 48 p.
Dimensions 13 cm.
600 00 - SUBJECT ADDED ENTRY--PERSONAL NAME
Personal name Muḥammad,
Titles and other words associated with a name Prophet,
Dates associated with a name -632
Form subdivision Poetry.

No items available.

Powered by Koha